[Event "Oberfranken-ch Q 0607"]
[Site "Schney"]
[Date "2007.01.04"]
[Round "6"]
[White "Kuhlemann, Claus"]
[Black "Gubesch, Adolf"]
[Result "1-0"]
[WhiteElo "1615"]
[BlackElo "1581"]
[PlyCount "109"]
[EventDate "2007.01.02"]
[EventType "swiss"]
[EventRounds "6"]
[EventCountry "GER"]
[SourceTitle "EXT 2015"]
[Source "ChessBase"]
[SourceDate "2014.11.20"]
[SourceVersion "1"]
[SourceVersionDate "2014.11.20"]
[SourceQuality "1"]

1. f4 Nf6 2. Nf3 c5 3. e3 d5 4. Be2 Nc6 5. 0-0 Bf5 6. Bb5 a6 7. Bxc6+ bxc6 8. b3 Bg4 9. Bb2 e6 10. Qe1 Bxf3 11. Rxf3 d4 12. d3 Be7 13. Nd2 dxe3 14. Rxe3 0-0 15. Nc4 Nd5 16. Rf3 Bf6 17. Ne5 Qc7 18. Qf2 Qd6 19. Re1 Rad8 20. Ba3 Be7 21. d4 Nb4 22. c3 a5 23. cxb4 cxd4 24. Nc4 Qb8 25. bxa5 Bxa3 26. Nxa3 c5 27. Nc4 Qc7 28. Rd3 Rd5 29. Re5 Re8 30. Qe1 Qc6 31. a4 f6 32. Re2 e5 33. Nb6 Rd6 34. fxe5 Rde6 35. Nc4 h6 36. Qh4 fxe5 37. Qe4 Qa6 38. Qd5 Kh8 39. Qxc5 Rc6 40. Qb5 Qc8 41. Rxe5 Rce6 42. Rd1 Qc7 43. Rde1 Rb8 44. Qd5 Rxe5 45. Qxe5 Qa7 46. Nb6 d3 47. b4 Rd8 48. Rd1 Qf7 49. Qe3 Qb3 50. Qd2 Re8 51. a6 Re2 52. Qxd3 Re1+ 53. Rxe1 Qxd3 54. a7 Qd4+ 55. Kh1 1-0

[Event "Oberfranken-ch Q 0607"]
[Site "Schney"]
[Date "2007.01.02"]
[Round "1"]
[White "Gubesch, Adolf"]
[Black "Fuchs, Christian2222"]
[Result "0-1"]
[WhiteElo "1581"]
[BlackElo "1787"]
[PlyCount "50"]
[EventDate "2007.01.02"]
[EventType "swiss"]
[EventRounds "6"]
[EventCountry "GER"]
[SourceTitle "EXT 2015"]
[Source "ChessBase"]
[SourceDate "2014.11.20"]
[SourceVersion "1"]
[SourceVersionDate "2014.11.20"]
[SourceQuality "1"]

1. d4 Nf6 2. c4 e5 3. e3 exd4 4. exd4 d5 5. cxd5 Nxd5 6. Nc3 Be7 7. Bd3 Nc6 8. a3 a6 9. Qh5 Nf6 10. Qg5 Qxd4 11. Be2 Ne4 12. Qf4 Nxc3 13. Qxd4 Nxd4 14. bxc3 Nc2+ 15. Kf1 Nxa1 16. Bd1 Be6 17. Bb2 0-0-0 18. Ke1 Nb3 19. Nf3 Rhe8 20. Nd4 Nxd4 21. cxd4 Bd5 22. Bg4+ Kb8 23. Kd2 Bf6 24. Bf5 Be6 25. Bxe6 Rxe6 0-1

[Event "Bayern-ch Seniors 15th"]
[Site "Schloss Schney"]
[Date "2003.06.19"]
[Round "7.31"]
[White "Ambros, Hans"]
[Black "Gubesch, Adolf"]
[Result "0-1"]
[WhiteElo "1242"]
[BlackElo "1618"]
[PlyCount "96"]
[EventDate "2003.06.13"]
[EventType "swiss"]
[EventRounds "9"]
[EventCountry "GER"]
[SourceTitle "EXT 2004"]
[Source "ChessBase"]
[SourceDate "2003.11.25"]
[SourceVersion "1"]
[SourceVersionDate "2003.11.25"]
[SourceQuality "1"]

1. c4 Nf6 2. d4 e6 3. Nf3 d5 4. c5 b6 5. b4 a5 6. Ba3 axb4 7. Bxb4 Nc6 8. Bc3 bxc5 9. e3 cxd4 10. exd4 Ne4 11. Bb2 Bb4+ 12. Nbd2 0-0 13. a3 Ba5 14. Bd3 f5 15. 0-0 Bxd2 16. Nxd2 Ba6 17. Bxa6 Rxa6 18. Nxe4 fxe4 19. Bc3 Qa8 20. Qc1 Ra4 21. Qd2 Rc4 22. Rfc1 Qa4 23. Bb4 Rxd4 24. Qe1 Nxb4 25. axb4 Qxb4 26. Qxb4 Rxb4 27. Rxc7 Rb2 28. Rf1 g6 29. Re7 Rf6 30. g3 Kf8 31. Rd7 Rf7 32. Rd8+ Ke7 33. Ra8 Kd6 34. Ra6+ Ke5 35. Ra3 g5 36. Ra8 h5 37. Kg2 Rc2 38. Ra3 g4 39. Rb3 Rf3 40. Rb8 e3 41. Rb3 Rcxf2+ 42. Rxf2 Rxf2+ 43. Kg1 Ke4 44. Rc3 d4 45. Rb3 e5 46. Rb4 Re2 47. Ra4 Kf3 48. Ra3 Re1# 0-1

[Event "Bayern-ch Seniors 15th"]
[Site "Schloss Schney"]
[Date "2003.06.13"]
[Round "1.8"]
[White "Gubesch, Adolf"]
[Black "Schaffarth, Peter"]
[Result "0-1"]
[WhiteElo "1618"]
[BlackElo "2042"]
[PlyCount "68"]
[EventDate "2003.06.13"]
[EventType "swiss"]
[EventRounds "9"]
[EventCountry "GER"]
[SourceTitle "EXT 2004"]
[Source "ChessBase"]
[SourceDate "2003.11.25"]
[SourceVersion "1"]
[SourceVersionDate "2003.11.25"]
[SourceQuality "1"]

1. Nf3 Nf6 2. d4 b6 3. c4 e6 4. Nc3 Bb7 5. Qc2 c5 6. Bg5 Be7 7. Bxf6 Bxf6 8. dxc5 bxc5 9. Ne4 Be7 10. e3 Qa5+ 11. Ned2 Nc6 12. Qe4 Rb8 13. Qf4 0-0 14. Bd3 Nb4 15. Bb1 Bxf3 16. Qxf3 Nc6 17. Qe4 f5 18. Qc2 Bf6 19. Qd3 Rxb2 20. Qxd7 Rxd2 21. Qxe6+ Kh8 22. 0-0 Bxa1 23. Qxc6 Qd8 24. Qf3 Be5 25. g3 g6 26. Kg2 Re8 27. Re1 Qd6 28. Re2 Rxe2 29. Qxe2 Qc6+ 30. Kh3 Bf6 31. Bc2 Re5 32. Qd1 f4 33. gxf4 Rh5+ 34. Kg4 Qg2# 0-1